| 000 | 00985cam a22002771 4500 | ||
|---|---|---|---|
| 001 | 49567 | ||
| 003 | BD-RjUL | ||
| 005 | 20211209054709.0 | ||
| 008 | 160621s1963 pk 000 0 eng | ||
| 035 | _a(BD-RjUL) 49686 | ||
| 035 | _a(OCoLC)16464643 | ||
| 040 |
_aDLC _cWaU _dWaU _dDLC _d(BD-RjUL) _beng |
||
| 041 | _aeng | ||
| 082 |
_223 _a354.5491 _bTOT 1963 |
||
| 100 | 1 |
_aTottenham, George Richard Frederick _d1890- _9148655 |
|
| 245 | 1 | 0 |
_aTottenham reports : _b[reports on the re-organization of the Central Government, 1945-46] |
| 260 |
_aKarachi : _bNational Institute of Public Administration, _c[1963?] |
||
| 300 |
_avii, i, 244 p. ; _c25 cm. |
||
| 500 | _aCover title. | ||
| 650 | 0 |
_aExecutive departments _zPakistan. _9148656 |
|
| 651 | 0 |
_aPakistan _xPolitics and government. _9128313 |
|
| 740 | 0 | _aReports on the re-organization of the Central Government, 1945-46. | |
| 942 |
_2ddc _cBK |
||
| 999 |
_c49567 _d49567 |
||